| 000 | 00732nam a2200229Ia 4500 | ||
|---|---|---|---|
| 005 | 20220124145138.0 | ||
| 008 | 210716s2004 xx 000 0 und d | ||
| 020 | _a8122415229 | ||
| 040 | _cAIMIT LIBRARY | ||
| 041 | _aeng | ||
| 082 |
_a001.42 _22 _b KOTC |
||
| 100 |
_aKothari, C R. _913565 |
||
| 245 |
_aResearh methodology : _bmethods and techniques / _cby C. R. Kothari. |
||
| 250 | _a2nd ed. | ||
| 260 |
_aNew Delhi : _bNew Age International Pvt Ltd , _c2004. |
||
| 300 |
_axvi,401p. ; _c24 cm. |
||
| 650 |
_aResearch Methodology. _913566 |
||
| 650 |
_aResearch Design. _914531 |
||
| 650 |
_aProcessing and Analysis of Data _914532 |
||
| 650 |
_aMethods of Data Collection. _914533 |
||
| 942 |
_2ddc _cBK _e2nd _k001.42 KOTC |
||
| 999 |
_c205095 _d205095 |
||